000 01018nam a2200229Ia 4500
999 _c40870
_d40870
001 7514
003 GE_BSU
005 20200109123757.0
008 181216s2012||||ge |||||||||||||| ||geo||
010 _a9789941920769.
020 _a9789941920769
040 _cGE_BSU
041 _ageo
080 _a821.353.1-92+94(479.224)+323.173(479.224) ს-37
100 _aსაჯაია, სერგი (გიორგი)
_96037
245 _aშეთქმულ თვრამეტიანელთა თაღლითები აფხაზეთის ა\რ-ის უმაღლეს საბჭოში :
_bნაწ. 1 /
_cსერგი (გიორგი) საჯაია ; რედ. ნანა ბლიაძე.
264 _aთბილისი,
_c2012.
300 _a323 გვ.;
_b20 სმ.
653 _aაფხაზეთის უმაღლესი საბჭო
700 _aბლიაძე, ნანა
_eრედაქტორი
_96038
942 _cBK
_2udc